000 00764 a2200193 4500
003 OSt
005 20180116182903.0
008 160830b xxu||||| |||| 00| 0 eng d
020 _a0
040 _c0
082 _a658.4013 PAK 2000
100 _aThe Federation of Pakistan Chembers of Commerce & Industry
110 _aThe Federation of Pakistan Chembers of Commerce & Industry
245 _aISO 9000 Quality & ISO 14000 Enviromental Management System
_bCertifide Companies directory and Resource Guide
_cThe Fedration of Pakistan Chembers of Commerce & Industry
260 _aKarachi, Pakistan
_bTQM Epests
_c2000
300 _a120 p.
_bPB
440 _aISO 9000 Quality & ISO 14000 Enviromental Management System
942 _aNBS
_cBK
_k658.4013 PAK 2000
_2ddc
999 _c347860
_d347860